000 01171cam a2200217 4500
001 WB4017-01
008 040505n2004 000 0 eng u
035 _a(Sirsi) u126091
245 _aScotland's buildings at risk to be saved
260 _c2004
490 _aScottish Executive News Release
_v(SEnw1053/2004) 29 April 2004 (2)
520 _aA special website has been launched on behalf of Historic Scotland to provide information on properties of architectural and historic merit which are considered to be at risk. The "Buildings at risk register for Scotland" features details and images of over 1 220 such buildings across Scotland. Many are available for purchase or lease and have restoration or development potential. The online register wil enable information to be kept up-to-date and be more accessible. The website is http://www.buildingsatrisk.org.uk/. http://www.scotland.gov.uk/pages/news/2004/04/SEnw 1053.aspx
590 _aWB
590 _aWB
650 _aSCOTLAND
650 _aSAVE BRITAIN'S HERITAGE BUILDINGS AT RISK REGISTER
650 _aHISTORIC BUILDINGS
650 _aWEBSITE
690 _aBUILDING CONSERVATION
942 _n0
999 _c117286
_d117286